| 000 | 01193nam2a2200229 4500 | ||
|---|---|---|---|
| 001 | RU\NLR\BIBL_A\012688675 | ||
| 005 | 20250624115443.0 | ||
| 035 | _a(NLR Aleph) 012688675 | ||
| 090 |
_a12839579 _c12839579 |
||
| 100 | _a20220119d1897 |||y0rusy50 ca | ||
| 101 | 0 | _arus | |
| 102 | _aRU | ||
| 105 | _aa z 000 y | ||
| 200 | 0 |
_a(с IX по XIV ст.) _eв тексте помещено 151 полотипажных изображений _fиздание Д. Д. Полубояринова |
|
| 210 |
_d1897 _aБ. м. |
||
| 215 |
_a249, VII с. _cил. |
||
| 316 |
_aК экз. РНБ на шифре 20.104.7.31(1) приплетено 2 ед. _5NLR: 20.104.7.31(1) |
||
| 461 | 0 |
_1001RU\NLR\BIBL_A\012688517 _12001#$aРодная старина$v(с IX по XIV ст.) _912839037 _aСиповский, В. Д. (1843-1895) _cС.-Петербург _d1897-1904 _e5-е изд. _fсоставил В. Д. Сиповский _nПаровая старопечатня М. М. Гутзац _oотечественная история в рассказах и картинах _tРодная старина _v(с IX по XIV ст.) |
|
| 852 |
_aNLR _j20.104.7.31(1) |
||
| 942 | _cBOOK | ||
| 980 | _aNB | ||